Como o corpo humano obtém energia? - Statistics

Estatísticas Gerais
  • Esse quiz foi jogado 165 vezes
  • A pontuação média é 12 de 19
Estatísticas das Respostas
Dica Resposta % Correto
Mede cerca de 7 metros. Os nutrientes são absorvidos pelo sangue Intestino {Delgado}
95%
A água é absorvida e o resto é compactado em forma de fezes pelo ânus Intestino {Grosso}
95%
Produz o suco pancreático Pâncreas
88%
Realiza-se a digestão mecânica dos alimentos. Forma de o quimo e o suco gástrico Estômago
78%
Órgão exclusivo de entrada e saída do ar Nariz
78%
Produz bile, que quebra a gordura dos alimentos Fígado
77%
Órgão comum ao sistema respiratório e digestório Faringe
75%
Nela se encontram as cordas vocais e a epiglote, um tubo que impede a entrada de alimentos Laringe
66%
Empurra os alimentos com movimentos peristálticos Esôfago
64%
Unidade de medida de energia equivalente a mil calorias Quilocaloria
63%
Tubos que entram os pulmões e se ramificam em outros tubos menores, chamados bronquíolos Brônquios
58%
Fenômeno que consiste basicamente no processo de extração de energia química acumulada nas moléculas de substâncias orgânicas diversas, tais como carboidratos e lipídios Respiração {Celular}
56%
Tubo formado por anéis de cartilagem. Se divide em dois (resposta da próxima questão) Traqueia
56%
Tabela nutricional contida nos alimentos Valor {Energético}
54%
Separa a cavidade abdominal da torácica Diafragma
49%
Pequenas bolsas parecidas com esponjas onde ocorrem as trocas gasosas Alvéolos
42%
Conjunto de transformações, num organismo vivo, pelas quais passam as substâncias que o constituem: reações de síntese, e reações de desassimilação, que liberam energia Metabolismo
35%
Ocorre a quebra de moléculas grandes em moléculas pequenas, liberando energia Catabolismo
22%
Ocorre a síntese de moléculas pequenas para a formação de grandes, utilizando energia Anabolismo
20%
Nenhum quiz correspondente encontrado
Distribuição das Pontuações
Porcentagem de Pessoas com Cada Pontuação
Percentil de Números Respondidos
Sua Pontuação Histórica
Você não jogou esse quiz